000 00387nam a22001577a 4500
999 _c7729
_d7729
003 GBCCL
005 20241126110635.0
008 180913b ||||| |||| 00| 0 eng d
040 _cgbc
082 _aSOU DOR
_b2000
100 _aDimzangai , editor
_913534
245 _aDorcas golden jubilee souvenir 1950-2000
260 _aLamka:
_bEBC,
_c2000
300 _a147p. ;
942 _2ddc
_cARCH